000 00716nam a22002297a 4500
005 20170124110204.0
010 _aA-760043
020 _c00.00
_a8122407889
035 _aA-760043
037 _bCen Lib/Ret
040 _aDPL
_bEN
082 _a001.64
_bVIR
100 _aVirendra Kumar
_930114
245 _aDigital technology :
_cby Virendra Kumar
_bprinciples and practice /
260 _aNew Delhi
_bNew Age International Limited
_c1995
270 _bNew Delhi
_a4835/24, Ansari Road, Daryaganj
_e110002
300 _axiv,674p. :
_c22cm(Hb)
_bill.
500 _aIncludes index
650 _aLogic circuits
_936764
650 _aDigital electronics
_920485
942 _2ddc
_cEN
_h001.64
_mVIR
999 _c133086
_d133086